Creating logo families /

Reproducción de logotipos de productos y servicios de muy distinta naturaleza, acompañados en cada caso por la ficha técnica con los datos del (de los) diseñador(es), la agencia donde éste(os) se desempeña(n) y el cliente para el que se desarrolla el proyecto.

Uloženo v:
Podrobná bibliografie
Hlavní autor: Carter, David E. (ed.)
Médium: Kniha
Jazyk:angličtina
Vydáno: Nueva York, EUA : HBI, 2000, c2000
Témata:
Tagy: Přidat tag
Žádné tagy, Buďte první, kdo vytvoří štítek k tomuto záznamu!

MARC

LEADER 00000nam^a2200000^a^4500
001 000118854
005 20250521000000.0
009 20260310094255.249
020 |a 0-06-095844-8 
037 |a Acervo ITESO - Biblioteca 
041 |a ING 
082 |a 741. 63  |b CAR 
100 |a Carter, David E.  |e (ed.) 
245 1 0 |a Creating logo families /  |c Ed. de D.E. Carter. 
264 4 |a Nueva York, EUA :  |b HBI,  |c 2000, c2000 
300 |a 184 p. 
336 |a texto  |b txt  |2 rdacontenido 
337 |a sin mediación  |b n  |2 rdamedio 
338 |a volumen  |b nc  |2 rdasoporte 
520 |a Reproducción de logotipos de productos y servicios de muy distinta naturaleza, acompañados en cada caso por la ficha técnica con los datos del (de los) diseñador(es), la agencia donde éste(os) se desempeña(n) y el cliente para el que se desarrolla el proyecto. 
649 |a XX 
650 |a Logotipos -  |x Tema Principal 
650 |a Identidad Corporativa 
650 |a Diseño Gráfico 
910 |a Fondo General 
920 |a Impresos - Libros 
930 |a Colección General 
905 |a 101 
901 |a 0500053697  |b IT1  |c ACC  |u 20250521 
902 |a https://opac.biblio.iteso.mx/vufind/Record/000118854